00325 2200145 4500245004300000250001100043100001800054650001700072650001600089005001900105260001800124041001400142084001400156336000900170 aPieces of My LifecSuhailah AlyahText aCet. 1 aSuhailah Alya aAutobiografi aKarya Siswa a20250522091856 aJakartac2025 aIndonesia a081 SUH p atext